01112nam a2200253 a 4500001001000000005001700010008004100027041000800068044000800076084002000084100004500104245008100149260004700230300004800277500008700325500017500412500001000587546002400597650005200621650005600673650003400729650004500763740005000808BRCA_331520190320204223.0230309s1875----enka---###---#000-0#eng-# aeng aenk a609b.G35c18751 aCervantes Saavedra, Miguel ded1547-161610aThe Adventures of Don Quixote de la ManchacBy Miguel de Cervantes Saavedra. aLondres : EdinburgobGall and Inglisc1875 a1 v. en 2 partes (xii, 644 p.)bil.c20 cm. aContenido : Primera parte. Prólogo del autor. Segunda parte. Prólogo del autor aReimpresión de la traducción de Jarvis, publicada en 1870, por los mismos editores. Tela; lomo y planos decorados con adornos en rojo, negro y dorado Lúdovik Osterc aQM920 aTexto en : inglés14aNovela españolayÉpoca clásica, 1500-170014aLiteratura españolayÉpoca clásica, 1500-170014aNovela españolaySiglo XVII14aDon Quijote (Personaje ficticio)eNovela0 aEl Ingenioso Hidalgo Don Quijote de la Mancha